01180nam a2200313 a 4500001001000000003000900010005001700019007000300036008004100039040003100080082002700111100005500138245009300193264004500286300005200331336002700383337003300410338002800443504003900471590002600510650003900536650005100575650002700626650002400653910003900677942001200716952012100728999001700849000007563DO-SdBPM20260324092954.0ta090909s1998 dr ab 001 0 spa d aDO-SdBPMbspacBPMSU drda04a551.22bC822L 19982221 aCorominas Pepín, Rafael A.,d1928-eautor4aut. 10aLecturas para gente de un país que espera su terremoto /cRafael A. Corominas Pepín. aSanto Domingo :bEl Nuevo Diario,c1998. a384 páginas :bilustraciones, mapas ;c21 cm. atextobtxt2rdacontent asin mediaciónbn2rdamedia avolumenbnc2rdacarrier aBibliografía : páginas 383-384 aInventariado, 2026/VM 7aTerremotoszRepública Dominicana 7aIngeniería sísmicazRepública Dominicana 7aPredicción sísmica 7aDesastres naturales aVMateo V. Control de calidad BPMSU 2ddccBK 00102ddc708CDaBPMETbBPMETd2026-03-24l0oBPMSU CD 551.22 C822L 1998pBPMSU26030057r2026-03-24w2026-03-24yBK c15764d15764